000 00447nam a2200181Ia 4500
001 10630
005 20260306161846.0
008 260306t2001||||xx |||||||||||||| ||spa||
041 _aESP
082 _a945.63
_bG79
100 _aGregorovius, Ferdinand
_eAUT
245 0 _aRoma y Atenas en la edad media y otros ensayos
260 _c2001
300 _a415 páginas :
_c24 cm.
650 _aGEN
654 _aCHU
942 _cLIB
_dJUS
_fJUS
_2ddc
_n
999 _c10630
_d10630